[Event "VII Open A"]
[Site "Genova ITA"]
[Date "2003.08.02"]
[Round "1"]
[White "Abolianin, Arthur"]
[Black "Rodriguez Alvarez, Alan"]
[Result "1-0"]
[WhiteElo "2418"]
[BlackElo "2055"]
[PlyCount "69"]
[EventDate "2003.08.02"]

1. Nf3 Nf6 2. c4 e6 3. g3 b6 4. Bg2 Bb7 5. O-O Be7 6. Nc3 O-O 7. Re1 Ne4 8. Qc2
f5 9. Nd4 Bc5 10. e3 Na6 11. a3 Qf6 12. Nde2 c6 13. b4 Be7 14. Bb2 e5 15. f4
Nxc3 16. Bxc3 Bd6 17. c5 Bc7 18. d4 exf4 19. exf4 Qf7 20. Nc1 Rae8 21. Nd3 Qc4
22. Bf1 Qd5 23. Bb2 Nb8 24. Ne5 Ba6 25. Bg2 Qe6 26. Red1 d6 27. d5 Qh6 28. cxd6
Bxd6 29. dxc6 Bxe5 30. Bxe5 Rxe5 31. fxe5 Qe3+ 32. Kh1 Qxe5 33. Re1 Qb5 34.
Qb3+ Qc4 35. Bd5+ 1-0

[Event "VII Open A"]
[Site "Genova ITA"]
[Date "2003.08.02"]
[Round "1"]
[White "Ahmed, Ishaq"]
[Black "Goris, Antonius"]
[Result "1-0"]
[WhiteElo "1973"]
[BlackElo "2121"]
[PlyCount "67"]
[EventDate "2003.08.02"]

1. e4 e6 2. f4 d5 3. e5 c5 4. Nf3 Nc6 5. c3 Nh6 6. Na3 Qb6 7. Nc2 Bd7 8. d4
cxd4 9. cxd4 Bb4+ 10. Kf2 Be7 11. Be2 f6 12. Rf1 fxe5 13. fxe5 Nf7 14. Bd3
O-O-O 15. Qe2 g5 16. Be3 g4 17. Nd2 Rdf8 18. Kg1 h5 19. Rfc1 Kb8 20. b4 Nxb4
21. Rab1 Qa5 22. Nxb4 Bxb4 23. Nb3 Qd8 24. Nc5 Bxc5 25. dxc5 Bc6 26. Ba6 Qa5
27. Bxb7 Kc7 28. Bd2 Qa4 29. Rb4 Qxb4 30. Bxb4 Kxb7 31. Ba5 Ng5 32. Rb1+ Ka8
33. Qa6 Rc8 34. Bb6 1-0

[Event "VII Open A"]
[Site "Genova ITA"]
[Date "2003.08.02"]
[Round "1"]
[White "Cacco, Christian"]
[Black "Berni, Mauro"]
[Result "1/2-1/2"]
[WhiteElo "2330"]
[BlackElo "2031"]
[PlyCount "59"]
[EventDate "2003.08.02"]

1. d4 Nf6 2. Nf3 e6 3. Bg5 Be7 4. c4 d5 5. Nc3 O-O 6. e3 Ne4 7. Nxe4 dxe4 8.
Bxe7 Qxe7 9. Nd2 f5 10. c5 e5 11. Bc4+ Kh8 12. Nb3 exd4 13. Qxd4 Nc6 14. Qc3
Be6 15. Bb5 Bxb3 16. Bxc6 bxc6 17. axb3 Rfd8 18. O-O Rd3 19. Qb4 f4 20. exf4 e3
21. fxe3 Qxe3+ 22. Kh1 Rxb3 23. Qa4 Rxb2 24. Qxc6 Rf8 25. Qxc7 Qe4 26. Rg1 Qxf4
27. Qxf4 Rxf4 28. Rxa7 h6 29. Rd1 Rff2 30. Rg1 1/2-1/2

[Event "VII Open A"]
[Site "Genova ITA"]
[Date "2003.08.02"]
[Round "1"]
[White "Diena, Giovanni"]
[Black "Tayeb, Suhail"]
[Result "0-1"]
[WhiteElo "2012"]
[BlackElo "2241"]
[PlyCount "58"]
[EventDate "2003.08.02"]

1. e4 c5 2. Nf3 Nc6 3. d4 cxd4 4. Nxd4 Nf6 5. Nc3 e6 6. Nxc6 bxc6 7. Bg5 Qa5 8.
Bxf6 gxf6 9. Qd4 Rb8 10. Qa4 Qxa4 11. Nxa4 Rb4 12. b3 Rxe4+ 13. Kd2 d5 14. Bd3
Rb4 15. Rae1 e5 16. f3 h5 17. c3 Rb8 18. Kc2 Bd6 19. h3 h4 20. c4 Rg8 21. Re2
f5 22. cxd5 cxd5 23. Nc3 Be6 24. Nb5 Kd7 25. Nxd6 Kxd6 26. Rhe1 e4 27. fxe4
fxe4 28. Bxe4 dxe4 29. Rd2+ Ke5 0-1

[Event "VII Open A"]
[Site "Genova ITA"]
[Date "2003.08.02"]
[Round "1"]
[White "Djuric, Stefan"]
[Black "Fraser-Mitchell, Jeremy N."]
[Result "1-0"]
[WhiteElo "2488"]
[BlackElo "2063"]
[PlyCount "64"]
[EventDate "2003.08.02"]

1. e4 e6 2. d4 d5 3. Nc3 Bb4 4. Bd3 Ne7 5. a3 Bxc3+ 6. bxc3 c5 7. exd5 exd5 8.
dxc5 Qa5 9. Ne2 Qxc5 10. O-O O-O 11. a4 Bg4 12. Ba3 Qc7 13. f3 Be6 14. Nd4 Nbc6
15. Nxc6 bxc6 16. Bc5 Rfe8 17. a5 Bf5 18. Re1 Bxd3 19. cxd3 Ng6 20. a6 Nf4 21.
Be3 Ne6 22. Qa4 Rab8 23. Rab1 Red8 24. Bf2 Rxb1 25. Rxb1 Rb8 26. Re1 Rb2 27. f4
h6 28. g3 c5 29. h4 Rb8 30. f5 Nf8 31. f6 g6 32. Qg4 Qd6 1-0

[Event "VII Open A"]
[Site "Genova ITA"]
[Date "2003.08.02"]
[Round "1"]
[White "Forno, Roberto"]
[Black "Godena, Michele"]
[Result "0-1"]
[WhiteElo "2064"]
[BlackElo "2517"]
[PlyCount "70"]
[EventDate "2003.08.02"]

1. d4 d5 2. Nf3 Nf6 3. c4 e6 4. Nc3 c6 5. e3 a6 6. a4 Bb4 7. Bd3 Nbd7 8. O-O
O-O 9. Qc2 Qe7 10. Na2 Bd6 11. c5 Bc7 12. b4 e5 13. dxe5 Nxe5 14. Nd4 Nxd3 15.
Qxd3 Re8 16. Nc3 Ng4 17. Nf3 Qf6 18. Bb2 Qh6 19. g3 Qh5 20. e4 dxe4 21. Nxe4
Bf5 22. Rfe1 Qg6 23. Nfd2 Rad8 24. Qf3 Be5 25. Bxe5 Nxe5 26. Qc3 Rd3 27. Qb2
Bxe4 28. Rxe4 Nf3+ 29. Nxf3 Qxe4 30. Re1 Rd1 31. Rxd1 Qxf3 32. Qd4 h5 33. Rf1
Re4 34. Qd2 h4 35. a5 h3 0-1

[Event "VII Open A"]
[Site "Genova ITA"]
[Date "2003.08.02"]
[Round "1"]
[White "Lanzani, Mario"]
[Black "Burani, Eugenio"]
[Result "1-0"]
[WhiteElo "2355"]
[BlackElo "2052"]
[PlyCount "89"]
[EventDate "2003.08.02"]

1. e4 c5 2. Nf3 Nf6 3. e5 Nd5 4. Nc3 e6 5. Nxd5 exd5 6. d4 Nc6 7. dxc5 Bxc5 8.
Qxd5 Qb6 9. Bc4 Bxf2+ 10. Ke2 O-O 11. Rf1 Bc5 12. Ng5 Nd4+ 13. Kd1 Ne6 14. Ne4
d6 15. exd6 Rd8 16. Bf4 Nxf4 17. Qxf7+ Kh8 18. Qxf4 Bxd6 19. Nxd6 Qxd6+ 20.
Qxd6 Bg4+ 21. Kd2 Rxd6+ 22. Bd3 Kg8 23. Rae1 Rf8 24. Rxf8+ Kxf8 25. Re4 Be6 26.
Ke3 h6 27. a3 Bd5 28. Rd4 Re6+ 29. Be4 Bc6 30. Kd3 Ke7 31. Bxc6 Rxc6 32. c4 Rb6
33. Kc3 Rf6 34. Rd2 Re6 35. c5 Re3+ 36. Kc4 Re4+ 37. Kd5 Rh4 38. g3 Rh5+ 39.
Kc4 Re5 40. b4 Re3 41. Rd3 Re2 42. h4 Rc2+ 43. Kd5 Rf2 44. c6 bxc6+ 45. Kxc6
1-0

[Event "VII Open A"]
[Site "Genova ITA"]
[Date "2003.08.02"]
[Round "1"]
[White "Lettich, Sergio"]
[Black "Isonzo, David"]
[Result "0-1"]
[WhiteElo "2052"]
[BlackElo "2347"]
[PlyCount "98"]
[EventDate "2003.08.02"]

1. d4 Nf6 2. c4 g6 3. Nc3 Bg7 4. e4 O-O 5. e5 Ne8 6. Nf3 c5 7. d5 d6 8. Bf4 Bg4
9. exd6 Nxd6 10. h3 Bxf3 11. Qxf3 Qb6 12. Rb1 Nd7 13. Bd3 Qb4 14. Bxd6 Bxc3+
15. bxc3 Qxc3+ 16. Ke2 exd6 17. Rhc1 Qd4 18. Rb3 Ne5 19. Qe3 Nxd3 20. Qxd3
Rfe8+ 21. Kf1 Qf4 22. Rbb1 Qh2 23. f3 Re7 24. Re1 Rae8 25. Rxe7 Rxe7 26. Kf2
Qf4 27. g3 Qe5 28. a3 b6 29. a4 h5 30. f4 Qf6 31. h4 Re8 32. Re1 Rxe1 33. Kxe1
Qa1+ 34. Kf2 Qxa4 35. f5 Qe8 36. fxg6 fxg6 37. Qa3 Qf7+ 38. Kg2 Qe7 39. Qd3 Kg7
40. Qc3+ Qe5 41. Qa3 Qe7 42. Qc3+ Kh7 43. Qd3 a6 44. Qb3 b5 45. cxb5 Qe2+ 46.
Kh3 axb5 47. Qa3 Qe7 48. Qd3 c4 49. Qd4 Qc7 0-1

[Event "VII Open A"]
[Site "Genova ITA"]
[Date "2003.08.02"]
[Round "1"]
[White "Milov, Vadim"]
[Black "Stovring, Claus"]
[Result "1-0"]
[WhiteElo "2595"]
[BlackElo "2068"]
[PlyCount "65"]
[EventDate "2003.08.02"]

1. d4 Nf6 2. c4 g6 3. Nc3 Bg7 4. e4 d6 5. Be2 O-O 6. Bg5 c5 7. d5 h6 8. Bf4 Qa5
9. Bd2 a6 10. a4 Nbd7 11. Nf3 Ng4 12. O-O Qd8 13. Qc1 h5 14. Bg5 Nde5 15. Nxe5
Bxe5 16. h3 Nf6 17. Bd3 Bd7 18. Be3 Qc8 19. f4 Bd4 20. f5 Kh7 21. Bxd4 cxd4 22.
Ne2 gxf5 23. exf5 Rg8 24. Nxd4 Rg3 25. Rf3 Rxf3 26. Nxf3 Qc5+ 27. Kh1 Rg8 28.
Qd2 Qc8 29. Re1 Qf8 30. a5 Kh8 31. Re2 Rg3 32. Qf4 Qg7 33. Kh2 1-0

[Event "VII Open A"]
[Site "Genova ITA"]
[Date "2003.08.02"]
[Round "1"]
[White "Schuetzhold, Frank"]
[Black "Sale, Srdjan"]
[Result "0-1"]
[WhiteElo "2063"]
[BlackElo "2420"]
[PlyCount "59"]
[EventDate "2003.08.02"]

1. b3 e5 2. Bb2 Nc6 3. c4 g6 4. e3 Bg7 5. g3 d5 6. cxd5 Qxd5 7. Nf3 Bg4 8. Be2
Nf6 9. O-O O-O-O 10. d4 e4 11. Ne1 Qh5 12. f3 exf3 13. Bxf3 Rhe8 14. Ng2 Ne5
15. Nd2 Nxf3+ 16. Nxf3 Nd5 17. Qe2 f5 18. Qf2 Bxf3 19. Qxf3 Qxf3 20. Rxf3 Bh6
21. Kf2 Rd6 22. a3 Rb6 23. b4 a5 24. Nf4 Bxf4 25. gxf4 axb4 26. axb4 Rxb4 27.
Bc1 Rc4 28. Bd2 Kd7 29. Ke2 Rxd4 30. Rh3 0-1

[Event "VII Open A"]
[Site "Genova ITA"]
[Date "2003.08.02"]
[Round "1"]
[White "Soh, Edmund"]
[Black "Gromovs, Sergejs"]
[Result "0-1"]
[WhiteElo "2044"]
[BlackElo "2345"]
[PlyCount "86"]
[EventDate "2003.08.02"]

1. e4 d6 2. d4 Nf6 3. Nc3 g6 4. Be3 Bg7 5. Qd2 Ng4 6. Bg5 h6 7. Bh4 c5 8. dxc5
dxc5 9. Qxd8+ Kxd8 10. O-O-O+ Bd7 11. Nd5 g5 12. Bg3 Be5 13. Bxe5 Nxe5 14. Be2
h5 15. Nf3 Nxf3 16. Bxf3 Rh6 17. Be2 e6 18. Ne3 Ke7 19. Rd2 Nc6 20. c3 Ne5 21.
Rhd1 Bc6 22. f3 Rhh8 23. h3 Rad8 24. Rxd8 Rxd8 25. Rxd8 Kxd8 26. Kd2 Ke7 27. g3
Ng6 28. Ng2 f5 29. exf5 exf5 30. Ke3 Kf6 31. Kf2 f4 32. h4 Bd7 33. Bd3 Bf5 34.
hxg5+ Kxg5 35. Bxf5 Kxf5 36. Nh4+ Kg5 37. Nxg6 Kxg6 38. g4 hxg4 39. fxg4 Kg5
40. Kf3 c4 41. b3 cxb3 42. axb3 a5 43. c4 b6 0-1

[Event "VII Open A"]
[Site "Genova ITA"]
[Date "2003.08.02"]
[Round "1"]
[White "White, Kevin D."]
[Black "Guido, Flavio"]
[Result "0-1"]
[WhiteElo "2037"]
[BlackElo "2332"]
[PlyCount "66"]
[EventDate "2003.08.02"]

1. e4 c5 2. Nf3 e6 3. d4 cxd4 4. Nxd4 Nf6 5. Nc3 d6 6. Be3 a6 7. f3 b5 8. Qd2
Nbd7 9. g4 Nb6 10. g5 Nfd7 11. O-O-O Bb7 12. Bd3 Rc8 13. Rhe1 Ne5 14. Kb1 Qc7
15. f4 Nec4 16. Bxc4 Nxc4 17. Qd3 b4 18. Na4 Be7 19. Bc1 O-O 20. f5 e5 21. Nf3
Rfd8 22. f6 Bf8 23. b3 d5 24. Qe2 dxe4 25. Nh4 Nd6 26. Bb2 Nb5 27. Nf5 g6 28.
Ng3 Nd4 29. Bxd4 Rxd4 30. Nb2 Bd5 31. Rxd4 exd4 32. Nxe4 Re8 33. Qg4 Qc6 0-1

[Event "VII Open A"]
[Site "Genova ITA"]
[Date "2003.08.03"]
[Round "2"]
[White "Astengo, Marcello"]
[Black "Vigile, Matteo"]
[Result "1-0"]
[WhiteElo "2070"]
[BlackElo "2080"]
[PlyCount "51"]
[EventDate "2003.08.02"]

1. d4 Nf6 2. c4 c5 3. d5 b5 4. cxb5 a6 5. bxa6 Bxa6 6. Nc3 g6 7. g3 d6 8. Bg2
Bg7 9. Nh3 Nbd7 10. O-O O-O 11. Qc2 Nb6 12. Rb1 Ra7 13. Rd1 Qa8 14. Nf4 Nfd7
15. Ne6 fxe6 16. dxe6 Bb7 17. Bxb7 Qxb7 18. exd7 Qxd7 19. Qb3+ Kh8 20. Qxb6 Rb7
21. Qa5 Bd4 22. Be3 e5 23. Bxd4 exd4 24. Ne4 Qe6 25. f3 d5 26. Qxc5 1-0

[Event "VII Open A"]
[Site "Genova ITA"]
[Date "2003.08.03"]
[Round "2"]
[White "Di Paolo, Raffaele"]
[Black "Ahmed, Ishaq"]
[Result "1-0"]
[WhiteElo "2323"]
[BlackElo "1973"]
[PlyCount "95"]
[EventDate "2003.08.02"]

1. e4 c5 2. Nf3 Nc6 3. Bb5 g6 4. O-O Bg7 5. Re1 Nf6 6. Nc3 Nd4 7. e5 Ng8 8. d3
f6 9. Bc4 fxe5 10. Nxe5 e6 11. Ng4 Ne7 12. Ne4 d5 13. c3 Ndc6 14. Nef6+ Bxf6
15. Nxf6+ Kf7 16. Qf3 dxc4 17. Ne4+ Kg7 18. Qf6+ Kg8 19. dxc4 b6 20. g4 h6 21.
Qh4 Qf8 22. Qg3 e5 23. f4 exf4 24. Bxf4 Kh7 25. Be5 Nxe5 26. Qxe5 Ng8 27. Rf1
Qg7 28. Rf6 Bb7 29. Raf1 Rf8 30. Rxf8 Qxe5 31. R8f7+ Qg7 32. Nd6 Ne7 33. Rxg7+
Kxg7 34. Rf7+ Kg8 35. Rxe7 Bf3 36. Rxa7 Bxg4 37. Ne4 Be6 38. b4 cxb4 39. cxb4
Bxc4 40. Nf6+ Kf8 41. Nd7+ Kg8 42. Nxb6 Bf7 43. Nd7 Be6 44. Nf6+ Kf8 45. b5 Bf7
46. Ra8+ Kg7 47. Rxh8 Kxh8 48. b6 1-0

[Event "VII Open A"]
[Site "Genova ITA"]
[Date "2003.08.03"]
[Round "2"]
[White "Durdevic, Radoslav"]
[Black "Lanzani, Mario"]
[Result "0-1"]
[WhiteElo "2114"]
[BlackElo "2355"]
[PlyCount "64"]
[EventDate "2003.08.02"]

1. e4 c6 2. d4 d5 3. Nd2 dxe4 4. Nxe4 Nf6 5. Nxf6+ exf6 6. Nf3 Bd6 7. Be3 O-O
8. Qd2 Be6 9. Bd3 Qc7 10. c3 Nd7 11. Qc2 g6 12. h4 Rfe8 13. h5 Nf8 14. hxg6
fxg6 15. O-O-O Qf7 16. b3 a5 17. Kb1 a4 18. b4 b5 19. Rh6 Bb3 20. Qd2 Bxd1 21.
Qxd1 Nd7 22. Qh1 Qg7 23. Rh4 Nb6 24. Rg4 Nd5 25. Bd2 f5 26. Bxf5 Nf6 27. Bh6
Qf7 28. Rg5 Ne4 29. Bxe4 Rxe4 30. g3 Re2 31. d5 Rxf2 32. Nh2 Re8 0-1

[Event "VII Open A"]
[Site "Genova ITA"]
[Date "2003.08.03"]
[Round "2"]
[White "Godena, Michele"]
[Black "Saeed, Ishaq"]
[Result "1-0"]
[WhiteElo "2517"]
[BlackElo "2188"]
[PlyCount "79"]
[EventDate "2003.08.02"]

1. e4 c5 2. Nf3 Nc6 3. c3 d5 4. exd5 Qxd5 5. d4 Bg4 6. Be2 e6 7. h3 Bh5 8. c4
Qd6 9. d5 exd5 10. cxd5 Bxf3 11. Bxf3 Nd4 12. Be3 Nxf3+ 13. Qxf3 Nf6 14. Nc3
Be7 15. Bf4 Qb6 16. d6 Bxd6 17. Qe3+ Kf8 18. O-O-O Bxf4 19. Qxf4 h6 20. Rhe1 h5
21. Rd6 Qa5 22. g4 hxg4 23. hxg4 Rh4 24. Qg3 Rh8 25. g5 Ne8 26. Rd7 Qb6 27. Qf4
Qg6 28. Rxb7 Rd8 29. Rb8 Rxb8 30. Qxb8 Qxg5+ 31. f4 Qe7 32. Rxe7 Kxe7 33. Nd5+
Kd7 34. Qb7+ Kd6 35. Ne3 g6 36. Qd5+ Kc7 37. Qe5+ Nd6 38. Qxh8 Kc6 39. Qa8+ Nb7
40. Qc8+ 1-0

[Event "VII Open A"]
[Site "Genova ITA"]
[Date "2003.08.03"]
[Round "2"]
[White "Guido, Flavio"]
[Black "Fornaro, Alberto"]
[Result "1-0"]
[WhiteElo "2332"]
[BlackElo "2000"]
[PlyCount "35"]
[EventDate "2003.08.02"]

1. e4 c5 2. c3 d5 3. exd5 Qxd5 4. d4 Nc6 5. Nf3 cxd4 6. cxd4 e5 7. Nc3 Bb4 8.
Bd2 Bxc3 9. Bxc3 e4 10. Ne5 Nxe5 11. dxe5 Ne7 12. Be2 O-O 13. O-O Bd7 14. Qc1
Bc6 15. Rd1 Qe6 16. Rd6 Qc8 17. Qg5 Nd5 18. Rxd5 1-0

[Event "VII Open A"]
[Site "Genova ITA"]
[Date "2003.08.03"]
[Round "2"]
[White "Isonzo, David"]
[Black "Battaggia, Piergiorgio"]
[Result "1-0"]
[WhiteElo "2347"]
[BlackElo "2110"]
[PlyCount "55"]
[EventDate "2003.08.02"]

1. e4 c5 2. Nf3 d6 3. d4 cxd4 4. Nxd4 Nf6 5. Nc3 a6 6. Bc4 e6 7. Bb3 b5 8. Bg5
Be7 9. Qf3 Qc7 10. O-O-O O-O 11. Rhe1 Nbd7 12. Qg3 Kh8 13. f4 Nc5 14. e5 dxe5
15. fxe5 Ng8 16. Nf3 Bb7 17. Rd4 b4 18. Bxe7 Qxe7 19. Na4 Nh6 20. Qf4 a5 21.
Red1 Nf5 22. R4d2 Bc6 23. g4 Nh4 24. Nxh4 Bxa4 25. Bxa4 Nxa4 26. Nf3 Nc3 27.
bxc3 bxc3 28. Rd6 1-0

[Event "VII Open A"]
[Site "Genova ITA"]
[Date "2003.08.03"]
[Round "2"]
[White "Mollero, Michele"]
[Black "Milov, Vadim"]
[Result "0-1"]
[WhiteElo "2179"]
[BlackElo "2595"]
[PlyCount "45"]
[EventDate "2003.08.02"]

1. d4 Nf6 2. c4 e6 3. Nc3 Bb4 4. Qc2 O-O 5. a3 Bxc3+ 6. Qxc3 d6 7. Nf3 Nbd7 8.
Bg5 b6 9. e3 Ba6 10. Bd3 h6 11. Bh4 c5 12. Rd1 Rc8 13. O-O cxd4 14. Qxd4 Qc7
15. Bxf6 Nxf6 16. Qh4 Rfd8 17. e4 Nd7 18. b3 Qc5 19. b4 Qc7 20. Rc1 b5 21. Nd4
bxc4 22. b5 Ne5 23. Bxc4 0-1

[Event "VII Open A"]
[Site "Genova ITA"]
[Date "2003.08.03"]
[Round "2"]
[White "Rovatti, Paolo"]
[Black "Jones, Gawain C.B."]
[Result "0-1"]
[WhiteElo "1992"]
[BlackElo "2347"]
[PlyCount "72"]
[EventDate "2003.08.02"]

1. d4 Nf6 2. Nf3 c5 3. d5 b5 4. Nc3 Bb7 5. Bg5 b4 6. Bxf6 exf6 7. Na4 d6 8. c4
f5 9. Qd3 g6 10. g3 Bg7 11. Qe3+ Qe7 12. Qxe7+ Kxe7 13. Bg2 Nd7 14. O-O Nb6 15.
Nxb6 axb6 16. Rfb1 Ra5 17. a3 Rha8 18. Ra2 h6 19. Nd2 Kd7 20. e4 fxe4 21. Bxe4
Kc7 22. Re1 Bf6 23. Re3 Bd4 24. Rf3 f5 25. Bc2 b5 26. Rb3 bxc4 27. Nxc4 Bxd5
28. Nxa5 Rxa5 29. a4 Kc6 30. Kf1 Bc4+ 31. Ke1 d5 32. f4 Bxb3 33. Bxb3 c4 34.
Bd1 b3 35. Ra1 Bxb2 36. Rb1 Bc3+ 0-1

[Event "VII Open A"]
[Site "Genova ITA"]
[Date "2003.08.03"]
[Round "2"]
[White "Sale, Srdjan"]
[Black "Corso, Sergio"]
[Result "1-0"]
[WhiteElo "2420"]
[BlackElo "2149"]
[PlyCount "71"]
[EventDate "2003.08.02"]

1. e4 c5 2. Nf3 e6 3. d3 Nc6 4. g3 Nge7 5. Bg2 g6 6. O-O Bg7 7. Re1 O-O 8. e5
d6 9. exd6 Nf5 10. Nbd2 Nxd6 11. c3 Bd7 12. Nb3 b6 13. d4 cxd4 14. Nbxd4 Rc8
15. Bf4 Nc4 16. Nxc6 Bxc6 17. Qe2 b5 18. Rad1 Qa5 19. Ra1 Rfd8 20. h4 Qa6 21.
h5 Qb7 22. h6 Bh8 23. b3 Nd6 24. Rad1 Ne4 25. Rxd8+ Rxd8 26. c4 Nc3 27. Qe3 Nd1
28. Qc1 Nc3 29. Be5 Bxe5 30. Nxe5 Bxg2 31. Qxc3 b4 32. Qb2 f6 33. Ng4 Bh3 34.
Nxf6+ Kf7 35. Ne4 Kg8 36. Kh2 1-0

[Event "VII Open A"]
[Site "Genova ITA"]
[Date "2003.08.03"]
[Round "2"]
[White "Sautto, Daniele"]
[Black "Abolianin, Arthur"]
[Result "0-1"]
[WhiteElo "2130"]
[BlackElo "2418"]
[PlyCount "88"]
[EventDate "2003.08.02"]

1. e4 c5 2. Nc3 Nf6 3. Nge2 Nc6 4. g3 d5 5. exd5 Nxd5 6. Bg2 Nc7 7. Nf4 g6 8.
O-O Bg7 9. d3 O-O 10. Re1 e5 11. Nfd5 Ne6 12. Ne3 Ned4 13. Ne4 f5 14. Nxc5 f4
15. Nc4 f3 16. Bf1 Ne2+ 17. Kh1 Bg4 18. Ne3 Bc8 19. c3 b6 20. Qb3+ Rf7 21. Ne6
Qe7 22. Nxg7 Kxg7 23. Qc2 Be6 24. Nc4 e4 25. Bxe2 fxe2 26. Qxe2 Qc5 27. Kg1
exd3 28. Qxe6 Qxf2+ 29. Kh1 Re7 30. Bh6+ Kxh6 31. Qh3+ Kg7 32. Rxe7+ Nxe7 33.
Qd7 Qe2 34. Qd4+ Kg8 35. Qe5 Rd8 36. Re1 Qf3+ 37. Kg1 Nf5 38. Qe6+ Kg7 39. Qe5+
Kh6 40. Rf1 Qc6 41. Qf4+ Kg7 42. Rd1 Qc5+ 43. Kh1 Qd5+ 44. Kg1 Re8 0-1

[Event "VII Open A"]
[Site "Genova ITA"]
[Date "2003.08.03"]
[Round "2"]
[White "Shytaj, Carlo"]
[Black "Djuric, Stefan"]
[Result "0-1"]
[WhiteElo "2150"]
[BlackElo "2488"]
[PlyCount "62"]
[EventDate "2003.08.02"]

1. e4 c5 2. c3 g6 3. d4 Qc7 4. Be3 d6 5. Bd3 Bg7 6. Nf3 Nf6 7. h3 O-O 8. O-O
Nbd7 9. Nbd2 e6 10. Qe2 a6 11. a4 b6 12. Bf4 Nh5 13. Bh2 e5 14. dxe5 dxe5 15.
Rfd1 Bb7 16. Bc4 Nf4 17. Bxf4 exf4 18. Bd5 Rae8 19. Bxb7 Qxb7 20. Qc4 Ne5 21.
Nxe5 Rxe5 22. f3 b5 23. axb5 axb5 24. Qa2 c4 25. Qa7 Qxa7+ 26. Rxa7 Rd8 27. Kf2
Rd3 28. Ke2 Rg5 29. Rg1 Bf8 30. Rb7 Bc5 31. Rxb5 Rxd2+ 0-1

[Event "VII Open A"]
[Site "Genova ITA"]
[Date "2003.08.03"]
[Round "2"]
[White "Tayeb, Suhail"]
[Black "Pattarello, Pierluigi"]
[Result "1-0"]
[WhiteElo "2241"]
[BlackElo "1830"]
[PlyCount "55"]
[EventDate "2003.08.02"]

1. e4 e6 2. d4 d5 3. Nd2 c5 4. exd5 Qxd5 5. Ngf3 cxd4 6. Bc4 Qd8 7. O-O Nf6 8.
Nb3 Nc6 9. Nbxd4 Qc7 10. Qe2 Be7 11. Bg5 O-O 12. Rfe1 Bd7 13. Nb5 Qb6 14. Rad1
Rad8 15. Be3 Bc5 16. Bf4 Rc8 17. Bg5 Rcd8 18. Bxf6 gxf6 19. c3 Na5 20. Nbd4
Nxc4 21. Qxc4 Bc6 22. b4 Bxd4 23. Nxd4 Ba4 24. Rd3 Rd5 25. Rg3+ Kh8 26. h4 Bb5
27. Nxb5 Qxb5 28. Qg4 1-0

[Event "VII Open A"]
[Site "Genova ITA"]
[Date "2003.08.04"]
[Round "3"]
[White "Abolianin, Arthur"]
[Black "Tayeb, Suhail"]
[Result "1/2-1/2"]
[WhiteElo "2418"]
[BlackElo "2241"]
[PlyCount "83"]
[EventDate "2003.08.02"]

1. d4 d5 2. c4 dxc4 3. Nf3 Nf6 4. e3 c5 5. Bxc4 e6 6. O-O a6 7. Qe2 b5 8. Bb3
Bb7 9. a4 b4 10. Rd1 Nbd7 11. Nbd2 Qc7 12. Nf1 Be7 13. Bd2 Rd8 14. a5 O-O 15.
Rdc1 Qb8 16. Bc4 Qa8 17. dxc5 Bxc5 18. Ra4 Rb8 19. Be1 Rfc8 20. Raa1 Ne4 21.
Bd3 Be7 22. N1d2 Nec5 23. Bc4 Bf6 24. Rcb1 e5 25. Qf1 h5 26. Rd1 Nf8 27. Rac1
h4 28. h3 Ng6 29. b3 e4 30. Nh2 Bd8 31. Ra1 Ne5 32. Rdb1 Bd5 33. Qe2 Bxc4 34.
bxc4 Bf6 35. Ra2 Ncd3 36. Ng4 Nxg4 37. Qxg4 Bc3 38. Nxe4 Bxe1 39. Nf6+ Kf8 40.
Nd7+ Kg8 41. Nf6+ Kf8 42. Nd7+ 1/2-1/2

[Event "VII Open A"]
[Site "Genova ITA"]
[Date "2003.08.04"]
[Round "3"]
[White "Cacco, Christian"]
[Black "Astengo, Marcello"]
[Result "0-1"]
[WhiteElo "2330"]
[BlackElo "2070"]
[PlyCount "122"]
[EventDate "2003.08.02"]

1. d4 d5 2. Nf3 Nf6 3. c4 c6 4. Nc3 e6 5. Bg5 h6 6. Bh4 dxc4 7. e3 b5 8. Nd2
Bb7 9. Qf3 Nbd7 10. Nxb5 g5 11. Nc3 gxh4 12. Nxc4 Rb8 13. e4 Rg8 14. O-O-O Qc7
15. e5 c5 16. Nb5 Qc6 17. Qxc6 Bxc6 18. Nc7+ Kd8 19. Na6 Ne4 20. Nxb8 Nxb8 21.
Rg1 Nxf2 22. Rd2 Ne4 23. Rd3 Nd7 24. Be2 cxd4 25. Bh5 Ng5 26. g3 h3 27. Rgd1
Bc5 28. b4 Bxb4 29. Rxd4 Bc5 30. Rf4 Ke7 31. Rd3 Be4 32. Rd2 Rb8 33. Rb2 Rxb2
34. Kxb2 Bd4+ 35. Kb3 Nxe5 36. Nd2 Bd5+ 37. Kc2 Be3 38. Ra4 Bxd2 39. Kxd2 Nc4+
40. Kc3 Ne4+ 41. Kd4 Nxg3 42. Rxa7+ Kd6 43. Ra6+ Kc7 44. Bxf7 Nf5+ 45. Kc5 Nfd6
46. Bg6 Ne5 47. Bh5 Ne4+ 48. Kd4 Nc6+ 49. Ke3 Ng5 50. Kf4 Nb4 51. Ra3 Nxa2 52.
Ke5 Nb4 53. Kf6 Nc6 54. Kg6 Ne5+ 55. Kxh6 Nef3 56. Kg6 Kd6 57. Re3 Kc5 58. Bg4
Kd4 59. Ra3 Ke4 60. Kf6 Kf4 61. Bh5 Nxh2 0-1

[Event "VII Open A"]
[Site "Genova ITA"]
[Date "2003.08.04"]
[Round "3"]
[White "Carosso, Andrea"]
[Black "Frugoli, Francesco"]
[Result "0-1"]
[WhiteElo "2129"]
[BlackElo "2009"]
[PlyCount "66"]
[EventDate "2003.08.02"]

1. c4 e6 2. g3 d5 3. b3 Nf6 4. Bg2 c6 5. e3 Bd6 6. Ne2 Nbd7 7. Bb2 O-O 8. O-O
Re8 9. Nbc3 dxc4 10. bxc4 e5 11. d4 e4 12. Qc2 Qe7 13. Rab1 Nf8 14. Ba1 Ng6 15.
h3 h5 16. d5 h4 17. dxc6 bxc6 18. Nd4 hxg3 19. Nxc6 Qd7 20. Nd4 Bb7 21. fxg3
Bxg3 22. Nf5 Bb8 23. Nb5 Ne5 24. Nbd6 Bxd6 25. Nxd6 Qxd6 26. Rxb7 Nf3+ 27. Bxf3
exf3 28. Qf2 Rxe3 29. Qh2 f2+ 30. Qxf2 Rg3+ 31. Kh1 Rxh3+ 32. Kg1 Rg3+ 33. Kh1
Qc6+ 0-1

[Event "VII Open A"]
[Site "Genova ITA"]
[Date "2003.08.04"]
[Round "3"]
[White "Delizia, Costantino"]
[Black "Isonzo, David"]
[Result "0-1"]
[WhiteElo "2219"]
[BlackElo "2347"]
[PlyCount "56"]
[EventDate "2003.08.02"]

1. e4 e5 2. Nf3 Nc6 3. Bb5 a6 4. Ba4 Nf6 5. O-O b5 6. Bb3 Bc5 7. Nxe5 Nxe5 8.
d4 Bxd4 9. Qxd4 d6 10. c3 Bb7 11. f3 c5 12. Qe3 O-O 13. Rd1 Qe7 14. Qf2 Rad8
15. Be3 Rfe8 16. Bc2 Nc4 17. Bc1 d5 18. b3 Ne5 19. Bg5 dxe4 20. Rxd8 Rxd8 21.
Nd2 exf3 22. Nxf3 Nxf3+ 23. gxf3 Qe5 24. Qe3 Qxe3+ 25. Bxe3 Bxf3 26. Rf1 Be4
27. Rxf6 gxf6 28. Bxe4 Re8 0-1

[Event "VII Open A"]
[Site "Genova ITA"]
[Date "2003.08.04"]
[Round "3"]
[White "Djuric, Stefan"]
[Black "Di Paolo, Raffaele"]
[Result "0-1"]
[WhiteElo "2488"]
[BlackElo "2323"]
[PlyCount "100"]
[EventDate "2003.08.02"]

1. e4 c5 2. Nf3 Nc6 3. Bb5 e6 4. O-O Nge7 5. c3 a6 6. Bxc6 Nxc6 7. d4 d5 8.
exd5 Qxd5 9. Be3 c4 10. Nbd2 Bd6 11. b3 cxb3 12. axb3 O-O 13. Qb1 Qh5 14. Ne4
Bc7 15. Re1 b6 16. c4 Bb7 17. h3 Ne7 18. Ne5 Nf5 19. Nd7 Qh4 20. d5 Nxe3 21.
Nxf8 Nxg2 22. Kxg2 exd5 23. cxd5 Bxd5 24. Qd3 Rd8 25. Rac1 Qf4 26. Kf1 f5 27.
Qg3 Qxc1 28. Nf6+ Kxf8 29. Nxh7+ Kg8 30. Nf6+ Kf7 31. Rxc1 Bxg3 32. Nxd5 Rxd5
33. fxg3 Rd3 34. Rc7+ Kg8 35. b4 Rxg3 36. Rb7 Rxh3 37. Rxb6 Rh6 38. Rb8+ Kf7
39. Rb7+ Kf6 40. Kf2 Rh4 41. Ke3 g5 42. Rb6+ Ke5 43. Kf3 Rh3+ 44. Kg2 Rb3 45.
Rb8 Kf4 46. Rb6 Rb2+ 47. Kf1 Kf3 48. Ke1 g4 49. Rxa6 Rb1+ 50. Kd2 Rxb4 0-1

[Event "VII Open A"]
[Site "Genova ITA"]
[Date "2003.08.04"]
[Round "3"]
[White "Esposito, Luca"]
[Black "Boric, Muhamed"]
[Result "1-0"]
[WhiteElo "2202"]
[BlackElo "2410"]
[PlyCount "33"]
[EventDate "2003.08.02"]

1. d4 Nf6 2. c4 g6 3. Nc3 d5 4. cxd5 Nxd5 5. e4 Nxc3 6. bxc3 Bg7 7. Bc4 c5 8.
Ne2 O-O 9. Be3 Nc6 10. O-O Qc7 11. Rc1 Rd8 12. Qa4 Na5 13. Bf4 e5 14. Bg5 Rf8
15. Bd5 Bd7 16. Qa3 Kh8 17. Be7 1-0